000 01409cad a22002655a 4500
001 E147077
008 090330s2009 xxk f 000 0 eng d
035 _a(Sirsi) u147077
041 0 _aeng
050 0 4 _a333.33 $2 18
100 1 _aHuong, Edward
245 0 0 _aAsia Pacific real estate investment update
_h[electronic resource]
260 _aLondon
_bRREEF
_c2009
490 0 _aRREEF Asia Pacific Real Estate Investment Update
_vMarch 2009
505 2 _aEconomic performance -- Real estate market performance -- Real estate investment capital flow -- Market outlook
520 _aReports that across Asia, many markets saw GDP fall on a quarter-on-quarter annualised basis in 4Q 2008, and office rents also suffered in this quarter, especially in financial centres such as Hong Kong, Singapore, Shanghai, Mumbai and Sydney where rents fell at double-digit rates. Risk aversion amongst investors also affected capital values, and the investment market stayed subdued in 4Q 2008, with investment volumes dropping by 56% quarter-on-quarter, bringing the total for 2008 down by 40% compared to 2007.
521 _aAdvanced
590 _aKA
651 4 _aAsia Pacific
690 _aPROPERTY-COMMERCIAL PROPERTY-COMMERCIAL PROPERTY MARKET
700 1 _aObu, Koichiro
700 1 _aKeng, Tan Yen
856 4 0 _uhttps://www.rreef.com
_zView the report free of charge at www.rreef.com...
942 _n0
999 _c109434
_d109434